Movement literacy and engagement :a text and workbook for physical activity towards health and fitness (PATHFIT) 1 (Record no. 79182)

MARC details
000 -LEADER
fixed length control field 00734nam a2200217Ia 4500
003 - CONTROL NUMBER IDENTIFIER
control field URS
005 - DATE AND TIME OF LATEST TRANSACTION
control field 20240419212020.0
008 - FIXED-LENGTH DATA ELEMENTS--GENERAL INFORMATION
fixed length control field 240418s9999 xx 000 0 und d
020 ## - INTERNATIONAL STANDARD BOOK NUMBER
International Standard Book Number 978-621-418-268-8
040 ## - CATALOGING SOURCE
Transcribing agency URS
050 ## - LIBRARY OF CONGRESS CALL NUMBER
Classification number FIL GV 341
Item number .C63 2022
100 ## - MAIN ENTRY--PERSONAL NAME
Personal name Cobar, Alvin George C,
Relator term author
245 #0 - TITLE STATEMENT
Title Movement literacy and engagement :a text and workbook for physical activity towards health and fitness (PATHFIT) 1
Statement of responsibility, etc. Alvin George C. Cobar
300 ## - PHYSICAL DESCRIPTION
Extent iii, 191 pages:
Other physical details with illustrations.
336 ## - CONTENT TYPE
Content type term text
Content type code txt
Source rdacontent
337 ## - MEDIA TYPE
Media type term unmediated
Media type code n
Source rdamedia
338 ## - CARRIER TYPE
Carrier type term volume
Carrier type code nc
Source rdacarrier
504 ## - BIBLIOGRAPHY, ETC. NOTE
Bibliography, etc. note includes bibliographical references
700 ## - ADDED ENTRY--PERSONAL NAME
Personal name Dimacurot, Heildenberg C.
942 ## - ADDED ENTRY ELEMENTS (KOHA)
Koha item type Books
Source of classification or shelving scheme Library of Congress Classification
Holdings
Withdrawn status Source of classification or shelving scheme Damaged status Not for loan Home library Current library Shelving location Date acquired Total Checkouts Full call number Barcode Date last seen Price effective from Koha item type
  Library of Congress Classification     Angono College Library Angono College Library Filipiniana Section 04/19/2024   FIL GV 341 .C63 2022 URSANG - 7312 04/19/2024 04/19/2024 Books
  Library of Congress Classification     Binangonan College Library Binangonan College Library   07/17/2025   FIL GV 341 .C63 2022 URSBIN-3885 07/17/2025 07/17/2025 Books
  Library of Congress Classification     Binangonan College Library Binangonan College Library   07/17/2025   FIL GV 341 .C63 2022 URSBIN-3884 07/17/2025 07/17/2025 Books

University of Rizal System
Email us at univlibservices@urs.edu.ph

Visit our Website www.urs.edu.ph/library